Mosty vo vzduchu Pôvodná rozhlasová hra V. Kužela-Znievčana

Bibliographic Details
Main Author: (abg) (Author)
Format: Article
Language:Slovak
Subjects:

MARC

LEADER 00000nab a2200000 a 4500
001 vtls000067378
003 SK-MaSNL
005 20260303213806.0
008 111103c1980 xo 0 slo
015 |a SNBRB19rr/mm-uuuuu 
035 |a CL0077478 
040 |a SNKBUCL  |b slo  |c SNKBUCL  |e AACR2 
041 0 |a slo 
044 |a xo  |c SK 
080 |a 82:929:885.4  |2 1981 
080 |a 885.4  |2 1981 
080 |a 92 Kužel-Znievčan, V.  |2 1981 
080 |a 82  |2 1981 
080 |a 792.2.096  |2 1981 
100 0 |a (abg)  |4 aut  |9 923891 
245 1 0 |a Mosty vo vzduchu  |b Pôvodná rozhlasová hra V. Kužela-Znievčana  |c (abg) 
600 1 7 |a Kužel-Znievčan, Vladislav,  |d 1910-2002  |t Mosty vo vzduchu  |2 snkbucl  |9 1248070 
650 0 7 |a rozhlasové inscenácie  |2 snkbucl  |9 92602 
655 7 |a články z novín a časopisov  |2 snkbucl  |9 267496 
655 7 |a články z odboru literárna veda a krásna literatúra  |2 snkbucl  |9 770045 
773 0 |t Ľud  |g Roč. 33, č. 205 (30. 8. 1980), s. 4 
850 |a Slovenská národná knižnica v Martine  |a MTA001 
852 |a SNK  |b KIS3GCP 
958 |a RK 
958 |a LX 
992 |a RBX 
999 |c 2213921  |d 2215851